000 00670nam a2200193 i 4500
001 28484
003 ES-MaACL
005 20250814215807.0
007 t|
008 030117s1934 xxk ||||1| spa d
100 1 _aBaerlein, Henry.
_924601
245 1 0 _aBelmonte the matador /
_cby Henry Baerlein ; illustrated with drawings by Roberto Domingo and photographs.
260 _aLondon :
_b[Thornton Butterworth],
_c1934 (
_fThe Chapel River Press Andover Hants)
300 _a311 p. :
_bretr.il. ;
_c23 cm.
600 1 4 _aBelmonte, Juan (
_d1892-1962)
_9147284
700 0 _aDomingo, Roberto,
_d1883-1956
_945124
852 _aES-MaACL
_jA-2510
999 _c28484
_d28484